Digital Identity Creation as the Basis for E-marketing Campaigns

Na minha lista:
Detalhes bibliográficos
Autor principal: Miklošík, Andrej
Outros Autores: Borguľa, Matúš
Formato: Capítulo de Livro
Idioma:inglês
Assuntos:
Tags: Adicionar Tag
Sem tags, seja o primeiro a adicionar uma tag!

MARC

LEADER 00000naa$a2200000$$$4500
001 0184166
005 20240502073145.5
041 0 |a eng 
044 |a SK 
245 1 0 |a Digital Identity Creation as the Basis for E-marketing Campaigns  |c Andrej Miklošík, Matúš Borguľa 
610 2 0 |a technológie nové 
610 2 0 |a marketing elektronický 
610 2 0 |a marketing vzťahový 
610 2 0 |a ekonómia 
610 2 0 |a digitalizácia 
610 2 0 |a siete sociálne 
100 1 |a Miklošík, Andrej 
700 1 |a Borguľa, Matúš